Simulation modeling and analysis
Збережено в:
| Автор: | |
|---|---|
| Формат: | Книга |
| Мова: | Англійська |
| Опубліковано: |
Boston
McGraw-Hill
2007
|
| Редагування: | 4a. ed |
| Серія: | McGraw-Hill Series in Industrial Engineering and Management Science
|
| Предмети: | |
| Теги: |
Додати тег
Немає тегів, Будьте першим, хто поставить тег для цього запису!
|
MARC
| LEADER | 00000nam a2200000 a 4500 | ||
|---|---|---|---|
| 001 | UCJ8893 | ||
| 003 | CL-VaPUC | ||
| 008 | 070126e20070000US |||||||||||||||||eng|d | ||
| 020 | |a 0071255192 | ||
| 082 | 0 | 4 | |a 003.3 |b LAW |2 21 |
| 100 | |a Law, Averill M |e author |9 576030 | ||
| 245 | 1 | 0 | |a Simulation modeling and analysis |
| 250 | |a 4a. ed | ||
| 300 | |a 768 p | ||
| 942 | |c BK | ||
| 945 | |d 20070126 00:00:00 |a cmena | ||
| 260 | |a Boston |b McGraw-Hill |c 2007 | ||
| 500 | |a Incluye Cd-Rom | ||
| 650 | 0 | |a Simulación por computador |9 260988 | |
| 650 | 0 | |a Programación orientada al objeto |9 387863 | |
| 650 | 0 | |a Estadística matemática |9 260028 | |
| 650 | 0 | |a Modelos matemáticos |9 259437 | |
| 650 | 0 | |a Software |9 387312 | |
| 583 | |a last modification |c 20070126 00:00:00 |k Rodrigo Vera | ||
| 490 | 0 | |a McGraw-Hill Series in Industrial Engineering and Management Science | |
| 999 | |c 324539 |d 324537 | ||
| 952 | |0 0 |1 0 |4 0 |6 003_300000000000000_LAW_2007 |7 0 |8 A |9 404792 |a BIBING |b BIBING |d 2019-11-22 |i 4313631 |o 003.3 LAW 2007 |p 4313631 |r 2024-01-25 |w 2019-11-22 |y BK |k EII | ||